00742nam a2200241 i 4500001001000000003000900010005001700019007000300036008004100039020001500080040003000095082001800125100004400143245005000187250002200237264004700259300002800306336002700334337003300361338002800394500004300422504003500465000016294DO-SdBNP20250321090750.0ta100303s2000 dr 001 0 spa d a9993400777 aDO-SdBNPbspacBNPHUerda 4axxxbT27a2221 aTemístocles Roa, Carlos,eautor4aut.10aAprenda español /cCarlos Temístocles Roa atercera edición 1aSanto Domingo :bBanco de Reservas,c2000. a260 páginas ;c21 cm. atextobtxt2rdacontent asin mediaciónbn2rdamedia avolumenbnc2rdacarrier aIncluye datos biográficos del autor. aBibliografía : páginas 261